Left Driving Countries - World Map Sudden Death - Statistics

General Stats
  • This quiz has been taken 360 times
  • The average score is 10 of 23
Answers on the Grid
Answers color-coded by a green-red scale on the quiz's grid according to % correct below.
 
Answer Stats
Answer % Correct
86%
71%
65%
65%
64%
62%
58%
50%
50%
49%
48%
46%
45%
45%
45%
41%
35%
32%
26%
20%
19%
13%
12%
No matching quizzes found
Score Distribution
Percent of People with Each Score
Percentile by Number Answered
Your Score History
You have not taken this quiz